Religion Idioms Quiz Stats

 Plays Quiz Updated Jun 1, 2019

Score 0/20 Timer 05:00
7 Plays Today
% Correct
In one's Sunday best
93.9%
Speak of the devil
93.8%
Forbidden fruit
93.7%
Scare the hell out of someone
93.4%
A blessing in disguise
92.9%
A Mecca for (someone|something)
92.7%
Doubting Thomas
92.4%
Fall from grace
92.4%
Not know (someone) from Adam
91.9%
Money is the root of all evil
91.3%
% Correct
Raise hell with someone
91.1%
An act of God
91%
Crux of the matter
90.5%
Gospel truth
90.2%
Devil-may-care attitude
90%
Devil's advocate
89.6%
Baptism of fire
89.5%
In seventh Heaven
88.7%
Salt of the earth
88%
Go to hell and back
79.5%

You're not logged in!

Compare scores with friends on all Sporcle quizzes.
OR
Log In

Sporcle TV

Today on Sporcle TV


Watch our educational content, quiz creation guides, and fun videos on Sporcle TV.

Show Comments

Extras

Top Quizzes Today


Score Distribution

Your Account Isn't Verified!

In order to create a playlist on Sporcle, you need to verify the email address you used during registration. Go to your Sporcle Settings to finish the process.

Report this User

Report this user for behavior that violates our Community Guidelines.

Details: